Transformations in medieval and early-modern rights discourse.
Đã lưu trong:
| Tác giả khác: | , |
|---|---|
| Định dạng: | Sách |
| Ngôn ngữ: | Tiếng Anh |
| Được phát hành: |
Dordrecht, Netherlands:
Springer,
2006.
|
| Loạt: | The New Synthese Historical Library
|
| Những chủ đề: | |
| Các nhãn: |
Thêm thẻ
Không có thẻ, Là người đầu tiên thẻ bản ghi này!
|
MARC
| LEADER | 00000nam a22000007a 4500 | ||
|---|---|---|---|
| 003 | CL-VaPUC | ||
| 005 | 20220822114642.0 | ||
| 008 | 220718t2006 ||||| |||| 00| 0 eng d | ||
| 999 | |c 437205 |d 437203 | ||
| 020 | |a 9781402042119 | ||
| 040 | |c Pontificia Universidad Católica de Valparaíso | ||
| 082 | |2 22 |a 323.09 MAK 2006 | ||
| 100 | |9 873232 |a Mäkinen, Virpi |e editor | ||
| 245 | |a Transformations in medieval and early-modern rights discourse. | ||
| 260 | |a Dordrecht, Netherlands: |b Springer, |c 2006. | ||
| 300 | |a ix, 316 páginas. | ||
| 490 | |a The New Synthese Historical Library |n 59. | ||
| 500 | |a c.1 Donación Familia Prof. Alejandro Guzmán Brito. | ||
| 583 | |c 20220718 |k Yessy Sthefany Diaz Vidal | ||
| 650 | 0 | |9 223025 |a Derechos humanos | |
| 650 | 0 | |9 314261 |a Derecho medieval | |
| 650 | 0 | |9 873237 |a Derecho moderno | |
| 700 | |9 873233 |a Korkman, Petter |e editor | ||
| 942 | |2 ddc |c BK |n 0 | ||
| 952 | |0 0 |1 0 |2 ddc |4 0 |6 323_090000000000000_MAK_2006 |7 1 |8 C_AGB |9 584961 |a BIBDER |b BIBDER |d 2022-07-18 |e Donación |i 5652867 |o 323.09 MAK 2006 |p 5652867 |r 2023-01-25 |t 1 |w 2022-07-18 |y BK_US |k AGB | ||